| 000 | 01423nam a22003857a 4500 | ||
|---|---|---|---|
| 005 | 20030302155952.0 | ||
| 008 | 090811t xxu||||| |||| 00| 0 eng d | ||
| 022 | _a0019-638X | ||
| 030 | _aJINSA4 | ||
| 035 | _a(OCoLC)ocm01752983 | ||
| 040 | _aDLC | ||
| 042 |
_ansdp _alc |
||
| 043 | _aa-ii--- | ||
| 050 | _aS590 | ||
| 082 |
_a631.405 _219 |
||
| 110 | _aIndian Society of Soil Science. | ||
| 210 | _aJ. Indian Soc. Soil Sci. | ||
| 222 | _aJournal of the Indian Society of Soil Science | ||
| 245 | _aJournal of the Indian Society of Soil Science. | ||
| 260 |
_aNew Delhi, _bIndian Society of Soil Science. |
||
| 300 |
_av. _bill., diagrs. _c25 cm. |
||
| 310 |
_aQuarterly, _b1956-<1975> |
||
| 321 |
_aSemiannual, _b1953-55 |
||
| 362 | _av. 1- June 1953- | ||
| 510 |
_aChemical abstracts _x0009-2258 |
||
| 590 | _aSERBIB/SERLOC merged record | ||
| 650 |
_aSoil science _vPeriodicals. |
||
| 650 |
_aSoils _zIndia _vPeriodicals. |
||
| 270 |
_aDr Prakash Shastri Marg, PUSA _bNew Delhi _e110012 _k0091-11-25841991 _l0091-11-25841529 _misss1934@yahoo.com _zisss-india.org |
||
| 906 |
_a7 _bcbc _cserials _d3 _encip _f19 _gn-oclcserc |
||
| 936 | _aMar. 1976 (surrogate) | ||
| 942 |
_2ddc _cSR _h641.405 _mJOU _s1 |
||
| 999 |
_c29117 _d29117 |
||